Joueurs et joueuses de tennis par images #2 - Statistiques

Statistiques générales
  • Ce quiz a été pris 158 fois
  • Le résultat moyen est 12 sur 20
Statistiques - réponses
Par images Réponse % Correct
Carlos Alcaraz
98%
Serena Williams
98%
Alexander Zverev
88%
Holger Rune
84%
Ben Shelton
82%
Caroline Garcia
81%
Ugo Humbert
80%
Taylor Fritz
78%
Kei Nishikori
75%
Matteo Berrettini
60%
Hubert Hurkacz
58%
Emma Raducanu
57%
Elena Rybakina
46%
Jessica Pegula
46%
Thomas Berdych
35%
Jelena Ostapenko
34%
Danielle Collins
30%
Belinda Bencic
24%
Zheng Qinwen
19%
Caroline Wozniacki
16%
Aucun quiz correspondant
Distribution des résultats
% des personnes avec chaque résultat
Percentile par nombre de réponses
Votre historique - résultats
Vous n’avez pas pris ce quiz